The Slit Lamp Applications for Biomicroscopy and Videography /

In this book the author describes in detail the history, construction, and examination potential of the slit lamp. In particular, however, he presents a new approach – videography – that allows the ophthalmologist to document all (!) eye diseases with the slit lamp and a video camera in a practicabl...

Full description

Bibliographic Details
Main Author: Gellrich, Marcus-Matthias (Author)
Corporate Author: SpringerLink (Online service)
Format: Electronic eBook
Language:English
Published: Berlin, Heidelberg : Springer Berlin Heidelberg : Imprint: Springer, 2014.
Subjects:
Online Access:Full Text via HEAL-Link
LEADER 02873nam a22004095i 4500
001 978-3-642-39793-6
003 DE-He213
005 20150520192006.0
007 cr nn 008mamaa
008 131118s2014 gw | s |||| 0|eng d
020 |a 9783642397936  |9 978-3-642-39793-6 
024 7 |a 10.1007/978-3-642-39793-6  |2 doi 
040 |d GrThAP 
050 4 |a RE1-994 
072 7 |a MJQ  |2 bicssc 
072 7 |a MED063000  |2 bisacsh 
082 0 4 |a 617.7  |2 23 
100 1 |a Gellrich, Marcus-Matthias.  |e author. 
245 1 4 |a The Slit Lamp  |h [electronic resource] :  |b Applications for Biomicroscopy and Videography /  |c by Marcus-Matthias Gellrich. 
264 1 |a Berlin, Heidelberg :  |b Springer Berlin Heidelberg :  |b Imprint: Springer,  |c 2014. 
300 |a XVII, 218 p. 252 illus., 229 illus. in color.  |b online resource. 
336 |a text  |b txt  |2 rdacontent 
337 |a computer  |b c  |2 rdamedia 
338 |a online resource  |b cr  |2 rdacarrier 
347 |a text file  |b PDF  |2 rda 
505 0 |a Basics: Appliance Construction. Biomicroscopy: Types of Illumination -- Biomicroscopy without Additional Lenses -- Biomicroscopy with Additional Lenses -- Accessory Equipment for Slit Lamps. Videography with the Slit Lamp: Videography - the Basics -- Special Videography Applications -- Specific Videographic Settings for Specific Ocular Diseases. History of the Slit Lamp: History of Slit Lamp Construction -- Bibliography. 
520 |a In this book the author describes in detail the history, construction, and examination potential of the slit lamp. In particular, however, he presents a new approach – videography – that allows the ophthalmologist to document all (!) eye diseases with the slit lamp and a video camera in a practicable, rapid, and affordable manner. The necessary methods, techniques, and equipment, including converging, diverging, and contact lenses, are clearly explained in the text and four didactic videos. The 20 most important videographic settings are described, and “recipes” for their use are presented, along with diagnostic tips. The accompanying collection of clinical images represents the world’s first ever general atlas of ophthalmology from the perspective of the slit lamp. The author has already demonstrated proof of the value of ophthalmological videography in his own practice. It is his hope that this introductory book, with its many images never previously produced with a slit lamp, will stimulate others to exploit the approach’s potential. . 
650 0 |a Medicine. 
650 0 |a Ophthalmology. 
650 1 4 |a Medicine & Public Health. 
650 2 4 |a Ophthalmology. 
710 2 |a SpringerLink (Online service) 
773 0 |t Springer eBooks 
776 0 8 |i Printed edition:  |z 9783642397929 
856 4 0 |u http://dx.doi.org/10.1007/978-3-642-39793-6  |z Full Text via HEAL-Link 
912 |a ZDB-2-SME 
950 |a Medicine (Springer-11650)